King John

Bibliographic Details
Main Author: Shakespeare, William
Other Authors: Honigman, E.A.J
Format: Book
Published: London : Routledge , 1986
Series:The Arden Shakespeare
Subjects:

MARC

LEADER 00000cam a2200000 7i4500
001 0000001643
002 000001793
005 20000330.0
020 |a 0416496202 
090 0 0 |a 822.33   |b SHA 
100 1 |a Shakespeare, William 
245 1 0 |a King John   |c William Shakespeare ; edited by E.A.J. Honigman 
260 |a London :   |b Routledge ,   |c 1986 
300 |a 176 p. ;   |c 20 cm. 
490 0 |a The Arden Shakespeare 
650 0 0 |a King John   |x drama 
700 1 |a Honigman, E.A.J 
999 |a 034054   |b BUKU   |c PINJAMAN   |e PERPUSTAKAAN KOMUNITI PETALING JAYA